Mineralogía (Record no. 87322)

MARC details
000 -LEADER
campo de control de longitud fija 00871nam a2200229 i 4500
001 - NÚMERO DE CONTROL
campo de control 87322
003 - IDENTIFICADOR DE NÚMERO DE CONTROL
campo de control ES-MaACL
005 - FECHA Y HORA DE LA ÚLTIMA TRANSACCIÓN
campo de control 20230906175639.0
007 - CAMPO FIJO DE DESCRIPCIÓN FÍSICA--INFORMACIÓN GENERAL
campo de control de longitud fija t|
008 - DATOS DE LONGITUD FIJA--INFORMACIÓN GENERAL
campo de control de longitud fija 041221s1965 sp ||||1| spa d
100 1# - ENTRADA PRINCIPAL--NOMBRE DE PERSONA
Nombre de persona Kraus, Edward Henry.
9 (RLIN) 68748
245 10 - MENCIÓN DEL TÍTULO
Título Mineralogía
Resto del título : una introducción al estudio de minerales y cristales /
Mención de responsabilidad, etc. Edward Henry Kraus, Walter Fred Hunt, Lewis Stephen Ramsdell ; traducido por Agustín Navarro Alvargonzález ; revisión de José Huidobro Gascón.
250 ## - MENCION DE EDICION
Mención de edición [5ª ed.].
260 ## - PUBLICACIÓN, DISTRIBUCIÓN, ETC.
Lugar de publicación, distribución, etc. Madrid :
Nombre del editor, distribuidor, etc. Del Castillo,
Fecha de publicación, distribución, etc. 1965.
300 ## - DESCRIPCIÓN FÍSICA
Extensión IX, 665 p. :
Otras características físicas il. ;
Dimensiones 24 cm.
650 04 - PUNTO DE ACCESO ADICIONAL DE MATERIA--TÉRMINO DE MATERIA
Término de materia o nombre geográfico como elemento de entrada Mineralogía.
9 (RLIN) 15053
700 1# - ENTRADA AGREGADA--NOMBRE PERSONAL
Nombre de persona Hunt, Walter Fred.
9 (RLIN) 64742
700 1# - ENTRADA AGREGADA--NOMBRE PERSONAL
Nombre de persona Ramsdell, Lewis Stephen.
9 (RLIN) 95374
700 1# - ENTRADA AGREGADA--NOMBRE PERSONAL
Nombre de persona Navarro Alvargonzález, Agustín.
9 (RLIN) 85094
700 1# - ENTRADA AGREGADA--NOMBRE PERSONAL
Nombre de persona Huidobro Gascón, José.
9 (RLIN) 64674
852 ## - LOCALIZACIÓN
Ubicación ES-MaACL
Número de control de estantería A-5987
Sublocalización o colección R.95002
Holdings
Estatus retirado Estado de pérdida Estado de daño No para préstamo Biblioteca de origen Biblioteca actual Ubicación en estantería Fecha de adquisición Fuente de adquisición Total de préstamos Signatura topográfica completa Código de barras Visto por última vez Precio de reemplazo Tipo de ítem Koha
        Biblioteca del Ateneo de Madrid Biblioteca del Ateneo de Madrid Sala Pecera Planta 1 17/01/2008     A-5987 1091229 23/02/2023 23/02/2023 Libro impreso